Normal view MARC view

Entry Personal Name

Number of records used in: 3

001 - CONTROL NUMBER

  • control field: 1136368

003 - CONTROL NUMBER IDENTIFIER

  • control field: OSt

005 - DATE AND TIME OF LATEST TRANSACTION

  • control field: 20260320201935.0

008 - FIXED-LENGTH DATA ELEMENTS

  • fixed length control field: 260320|| aca||aabn | a|a d

040 ## - CATALOGING SOURCE

  • Original cataloging agency: OSt
  • Transcribing agency: OSt

100 ## - HEADING--PERSONAL NAME

  • Personal name: Baptista

670 ## - SOURCE DATA FOUND

  • Source citation: Work cat.: (OSt)1724396: Baptista, Practical Serverless and Microservices with C#: Build resilient and secure microservices with the .NET stack and embrace serverless development in Azure
Copyright @ Delhi University Library System